00858nam a22002535a 450000500170000000800410001701000140005802000260007203500130009803700130011104000080012408200080013210000260014024500740016625000060024026000310024627000620027730000280033950000510036770000090041894200220042799900170044995201380046620080522115808.0080520s2008 nyu 000 0 eng  aENG-97374 a9780415564434c795.00 aEN-80907 bDBAD/PUB aDPL a880 92856aSaint, Tarun K. aWitnessing Partition:cby Tarun K. Saint bmemiry, history, fiction / a. aNew DelhibRoutledgec2010 a912 Tolstoy House, 15-17 Tolstoy Marg,bNew Delhie110001 aviii, 341p.b23cm. (Hb) aIncludes bibliographical references and index  92934 2ddccENmSAIh880 c38369d38369 00102ddc40718NFICaDBADbDBADd2010-07-31eDBAD/PUBg795.00l0o880 SAIpEN-80907r2010-07-31 00:00:00t1v795.00w2010-07-31yEN